| 000 | 00575nam a22001817a 4500 | ||
|---|---|---|---|
| 999 |
_c525280 _d525280 |
||
| 003 | NUST | ||
| 020 | _a9789698023287 | ||
| 038 | _awaseem | ||
| 082 |
_a891.4391 _bWAS |
||
| 100 |
_aWisario, Manzoor Ali _916019 |
||
| 245 |
_aPakistani Zubano Mein Lasani Astraak / _cManzoor Ali Wisario |
||
| 260 |
_aIslamabad : _bNational Institute of Pakistan Studies, _c2007. |
||
| 300 | _a240 p. ; | ||
| 500 | _aPaperback. | ||
| 880 |
_6100-01\r _aمنظور علی ویسریو |
||
| 880 |
_6245-02\r _aپاکستانی زبانوں میں لسانی اشتراک / |
||
| 942 |
_2ddc _cBK |
||